01110nam a2200265 a 450000100100000000500170001000800410002702000150006804000250008308200180010810000310012624500670015726000710022430000280029549000450032350000210036850000730038950400310046265000630049365000630055683000520061991000370067195201210070899900150082900000559420200929151723.0090820s1992 sp a 001 0 spa d a8400072413 aDO-SdBNPbspacBNPHU a861.09bN672p1 aNiemeyer, Katharina91578913aLa poesía del premodernismo español /cKatharina Niemeyer. aMadrid :bConsejo Superior de Investigacines Científicas,c1992. a428 p. :bil. ;c25 cm.1 aBiblioteca de Filología Hispánicav7 aIncluye índice aIncluye referencias bibliográficas y notas al pie de las páginas aBibliografía: p. 399-418 4aPoesía españolaySIGLO 19xHistoria y crítica915790 4aPoesía españolaySIGLO 20xHistoria y crítica915791 1aBiblioteca de Filología Hispánican7915792 aValidado. Control de calidad MFF 001054708MOaGRbGRcHDd2009-08-20iLF1l0o861.09 N672pp5594-10r2020-06-25w2020-06-25y4ZPréstamo en sala c5393d5393